[Event "30th 4NCL Congress"]
[Site "Daventry"]
[Date "2023.06.18"]
[Round "4"]
[Board "5"]
[White "Taylor, Andrew E"]
[Black "Mottram, Paul"]
[Result "1-0"]
[WhiteElo "1623"]
[BlackElo "1635"]
[PlyCount "145"]
[EventDate "2023.06.16"]
[EventRounds "5"]
[EventCountry "ENG"]

1. d4 d5 2. Bf4 Nf6 3. e3 c5 4. dxc5 Nc6 5. c3 e5 6. Bg5 Bxc5 7. Bxf6 gxf6 8. Qh5
Be6 9. Nd2 Qb6 10. b4 Bxe3 11. fxe3 Qxe3+ 12. Ne2 d4 13. Qf3 Qxf3 14. Nxf3 dxc3 15.
Nxc3 Nxb4 16. Bb5+ Ke7 17. Kf2 Rac8 18. Rhc1 a6 19. Be2 b5 20. a3 Nc6 21. Ne4 f5
22. Nc5 e4 23. Ne1 Nd4 24. Nxa6 Nxe2 25. Rxc8 Rxc8 26. Kxe2 Bc4+ 27. Ke3 Rd8 28.
Nb4 Ke6 29. Nec2 Rg8 30. Nd4+ Kf6 31. g3 h5 32. Rg1 h4 33. Ne2 hxg3 34. Nxg3 Rh8
35. Rg2 Rh3 36. Rf2 Be6 37. Nc6 Bd7 38. Nd4 Kg6 39. Kf4 f6 40. Ngxf5 Bxf5 41. Nxf5
Rxa3 42. Rg2+ Kf7 43. Nd6+ Ke6 44. Nxb5 Ra4 45. Nc3 Ra5 46. Nxe4 Rf5+ 47. Kg3 Re5
48. Re2 Kf5 49. Nd6+ Ke6 50. Rxe5+ fxe5 51. Ne4 Kf5 52. Kf3 Kg6 53. Kg4 Kh6 54. Kf5
Kh5 55. Kxe5 Kg4 56. Nf2+ Kh4 57. Kf4 Kh5 58. Kg3 Kg5 59. Nd3 Kh5 60. Ne5 Kg5 61.
Nf3+ Kh5 62. Kh3 Kh6 63. Kg4 Kg6 64. Ne5+ Kh6 65. Kh4 Kg7 66. Kg5 Kh7 67. Nf7 Kg7
68. Nh6 Kh7 69. Nf5 Kg8 70. Kg6 Kh8 71. Nd6 Kg8 72. Nf7 Kf8 73. h4  1-0

[Event "30th 4NCL Congress"]
[Site "Daventry"]
[Date "2023.06.18"]
[Round "4"]
[Board "6"]
[White "McKay, Mark"]
[Black "Bellano, Harry"]
[Result "1-0"]
[WhiteElo "1671"]
[BlackElo "1505"]
[PlyCount "33"]
[EventDate "2023.06.16"]
[EventRounds "5"]
[EventCountry "ENG"]

1. d4 Nf6 2. Nf3 e6 3. c4 d5 4. Nc3 c5 5. e3 cxd4 6. Nxd4 Bb4 7. Bd2 O-O 8. a3 Bc5
9. Nf3 Ne4 10. b4 Nxd2 11. Qxd2 d4 12. exd4 Bxd4 13. Qxd4 Qc7 14. Nb5 Qc6 15. Ne5
Qb6 16. c5 Nc6 17. cxb6  1-0

[Event "30th 4NCL Congress"]
[Site "Daventry"]
[Date "2023.06.18"]
[Round "4"]
[Board "7"]
[White "Ashworth, Steven M"]
[Black "Egan, William J"]
[Result "1/2-1/2"]
[WhiteElo "1494"]
[BlackElo "1602"]
[PlyCount "72"]
[EventDate "2023.06.16"]
[EventRounds "5"]
[EventCountry "ENG"]

1. e4 c6 2. d4 d5 3. f3 dxe4 4. fxe4 e5 5. Be3 Qh4+ 6. Bf2 Qxe4+ 7. Qe2 Qxe2+ 8.
Bxe2 exd4 9. Bxd4 Be6 10. Nc3 Nd7 11. Nf3 Ngf6 12. O-O-O h6 13. Ne5 Be7 14. Nxd7
Bxd7 15. Be5 O-O-O 16. h3 Ne8 17. Ne4 Be6 18. Rxd8+ Kxd8 19. Rd1+ Kc8 20. Bd4 Bd5
21. Bg4+ Kc7 22. Be5+ Kb6 23. Bd4+ Ka6 24. Be2+ b5 25. Nc5+ Bxc5 26. Bxc5 Nc7 27.
a4 Re8 28. axb5+ cxb5 29. Bf1 Kb7 30. b3 a6 31. Kb2 Kc6 32. Bf2 f6 33. c4 bxc4 34.
bxc4 Bf7 35. Kc3 Re6 36. g4 Bg6  1/2-1/2

[Event "30th 4NCL Congress"]
[Site "Daventry"]
[Date "2023.06.18"]
[Round "4"]
[Board "8"]
[White "Joseph, Tomy"]
[Black "Gibson, Stephen"]
[Result "1-0"]
[WhiteElo "1550"]
[BlackElo "1499"]
[PlyCount "97"]
[EventDate "2023.06.16"]
[EventRounds "5"]
[EventCountry "ENG"]

1. d4 b5 2. e4 a6 3. Nf3 e6 4. Bd3 Bb7 5. O-O c5 6. dxc5 Bxc5 7. a4 b4 8. Nbd2 d6
9. Nb3 Bb6 10. Re1 h6 11. Bd2 Nc6 12. c3 bxc3 13. Bxc3 Nf6 14. h3 O-O 15. Bc2 d5
16. e5 Nh7 17. Qd3 g6 18. Bd2 h5 19. Nc1 Ne7 20. Ne2 a5 21. b4 axb4 22. Bxb4 Ba6
23. Qd2 Bxe2 24. Rxe2 Ba5 25. Bxe7 Qxe7 26. Qh6 Qe8 27. Bd3 Bd8 28. Bb5 Qe7 29. Qf4
Ng5 30. Nd4 Ne4 31. Nc6 Qg5 32. Qf3 Qf5 33. Qxf5 gxf5 34. Nxd8 Rfxd8 35. Rc2 Rac8
36. Rac1 Rxc2 37. Rxc2 Kf8 38. h4 Ke7 39. Rc7+ Kf8 40. g3 Nd2 41. Kg2 Nb1 42. f4
Na3 43. Bc6 Rb8 44. Rb7 Rxb7 45. Bxb7 Nc4 46. Ba6 Na5 47. Bb5 Ke7 48. Be2 d4 49.
Bxh5  1-0

[Event "30th 4NCL Congress"]
[Site "Daventry"]
[Date "2023.06.18"]
[Round "4"]
[Board "9"]
[White "Finnegan, Dale"]
[Black "Loyden, Gary"]
[Result "1-0"]
[WhiteElo "1474"]
[BlackElo "1547"]
[PlyCount "85"]
[EventDate "2023.06.16"]
[EventRounds "5"]
[EventCountry "ENG"]

1. e4 c5 2. b3 Nc6 3. Bb2 d6 4. Bb5 Bd7 5. d3 Qa5+ 6. Nc3 Nf6 7. Nge2 g6 8. O-O Bg7
9. Nd5 Nxd5 10. Bxg7 Rg8 11. Bxc6 Bxc6 12. exd5 Bxd5 13. Bb2 e5 14. f4 f6 15. fxe5
fxe5 16. Ng3 O-O-O 17. Ne4 Bxe4 18. dxe4 Qc7 19. Qd5 Rgf8 20. Rxf8 Rxf8 21. Rf1 Rxf1+
22. Kxf1 Qe7 23. Bc1 Qf8+ 24. Kg1 Kc7 25. c3 Qf6 26. Bd2 h5 27. b4 cxb4 28. cxb4
a6 29. a4 g5 30. Qc4+ Kd7 31. Qg8 g4 32. Qh7+ Kc6 33. Qxh5 Qe6 34. Qh8 Qb3 35. Qc8+
Kb6 36. a5+ Ka7 37. Qc1 g3 38. h4 Qf7 39. Be3+ Kb8 40. Qd2 Qg6 41. Bb6 Qf6 42. Qg5
Qxg5 43. hxg5  1-0

[Event "30th 4NCL Congress"]
[Site "Daventry"]
[Date "2023.06.18"]
[Round "4"]
[Board "10"]
[White "Kathuria, Dhruv"]
[Black "Dairi, Ramsey"]
[Result "0-1"]
[WhiteElo "1545"]
[BlackElo "1690"]
[PlyCount "48"]
[EventDate "2023.06.16"]
[EventRounds "5"]
[EventCountry "ENG"]

1. e4 c5 2. Nf3 g6 3. d4 cxd4 4. Nxd4 Nc6 5. Be3 Nf6 6. Nc3 Bg7 7. f3 O-O 8. Qd2
d6 9. O-O-O Nxd4 10. Bxd4 a6 11. g4 b5 12. a3 Be6 13. h4 Rb8 14. h5 b4 15. axb4 Rxb4
16. hxg6 fxg6 17. e5 Nd7 18. Ne4 Qa5 19. Qc3 Nxe5 20. Ng5 Rc8 21. Qa3 Ra4 22. Bc3
Rxc3 23. Qxc3 Nd3+ 24. Bxd3 Bxc3  0-1

[Event "30th 4NCL Congress"]
[Site "Daventry"]
[Date "2023.06.18"]
[Round "4"]
[Board "11"]
[White "Gunarathne, Senith"]
[Black "Wallman, James"]
[Result "1-0"]
[WhiteElo "1675"]
[BlackElo "1456"]
[PlyCount "71"]
[EventDate "2023.06.16"]
[EventRounds "5"]
[EventCountry "ENG"]

1. e4 e5 2. Nf3 Nc6 3. d4 exd4 4. Bc4 h6 5. O-O Nf6 6. e5 Nh7 7. Nxd4 Bc5 8. Nf5
O-O 9. Qg4 g5 10. Nxh6+ Kg7 11. Nf5+ Kh8 12. b4 Bb6 13. Bb2 d5 14. exd6+ f6 15. h4
Bxf5 16. Qxf5 Qxd6 17. hxg5 Ne7 18. Qg4 Ng8 19. g6 Qe7 20. gxh7 Qxh7 21. Bxg8 Qg7
22. Qxg7+ Kxg7 23. Bb3 Rh8 24. Nd2 Rh6 25. Ne4 Rf8 26. Nxf6 Rhxf6 27. Bxf6+ Rxf6
28. g3 c6 29. Rad1 a5 30. bxa5 Bxa5 31. Rd7+ Kh6 32. Rxb7 Kg5 33. Rg7+ Kh6 34. Rg8
c5 35. Kg2 Rc6 36. Rh1#  1-0

[Event "30th 4NCL Congress"]
[Site "Daventry"]
[Date "2023.06.18"]
[Round "4"]
[Board "12"]
[White "Maher, Mike P"]
[Black "Griffin-Young, Sebastian"]
[Result "0-1"]
[WhiteElo "1660"]
[BlackElo "1458"]
[PlyCount "62"]
[EventDate "2023.06.16"]
[EventRounds "5"]
[EventCountry "ENG"]

1. d4 Nf6 2. c4 g6 3. Nc3 Bg7 4. e4 d6 5. Be2 O-O 6. Nf3 c6 7. O-O Nbd7 8. h3 e5
9. Be3 Nh5 10. Re1 f5 11. exf5 gxf5 12. dxe5 f4 13. Bd4 c5 14. exd6 cxd4 15. Nd5
Ndf6 16. Ne7+ Kh8 17. c5 Qa5 18. Nxc8 Raxc8 19. Nxd4 Rxc5 20. Ne6 Rd5 21. Qc2 Re8
22. Bxh5 Nxh5 23. Qc7 Re5 24. Rxe5 Qxe5 25. Nd8 Rf8 26. Rd1 Qe2 27. Rf1 Ng3 28. Rc1
Re8 29. d7 Qe1+ 30. Rxe1 Rxe1+ 31. Kh2 Rh1#  0-1

[Event "30th 4NCL Congress"]
[Site "Daventry"]
[Date "2023.06.18"]
[Round "4"]
[Board "13"]
[White "Blower, Trevor R"]
[Black "Agarwal, Amaya"]
[Result "0-1"]
[WhiteElo "1651"]
[BlackElo "1066"]
[PlyCount "92"]
[EventDate "2023.06.16"]
[EventRounds "5"]
[EventCountry "ENG"]

1. f4 e5 2. d3 d6 3. g3 Nf6 4. Nf3 Nc6 5. c3 b6 6. Bg2 exf4 7. Bxf4 Bb7 8. O-O Be7
9. Qc2 O-O 10. Nbd2 Nd5 11. Nd4 Nxd4 12. cxd4 Nxf4 13. Bxb7 Nxe2+ 14. Kg2 Rb8 15.
Bd5 Bf6 16. Nf3 Nxd4 17. Nxd4 Bxd4 18. Rf4 Be5 19. Rg4 Kh8 20. d4 f5 21. Rh4 Bf6
22. Rf4 Bg5 23. Rxf5 Rxf5 24. Qxf5 Qf6 25. Qg4 Rf8 26. Bf3 c5 27. Rf1 h6 28. Be2
Qe7 29. h4 Bf6 30. Bd3 Qf7 31. Qe4 g6 32. Rxf6 Qxf6 33. Qe3 Kg7 34. dxc5 dxc5 35.
Qe4 Qf2+ 36. Kh3 Qf5+ 37. Kg2 Qxe4+ 38. Bxe4 Re8 39. Kf3 Kf6 40. g4 g5 41. h5 Ke5
42. Ke3 Rd8 43. b3 Rd1 44. Bf3 Ra1 45. a4 Ra3 46. Bd1 c4  0-1

[Event "30th 4NCL Congress"]
[Site "Daventry"]
[Date "2023.06.18"]
[Round "4"]
[Board "14"]
[White "Dhingra, Kanvansh"]
[Black "Gilbert, David J"]
[Result "1/2-1/2"]
[WhiteElo "1493"]
[BlackElo "1595"]
[PlyCount "84"]
[EventDate "2023.06.16"]
[EventRounds "5"]
[EventCountry "ENG"]

1. e4 d5 2. exd5 Qxd5 3. Nc3 Qd6 4. Nf3 Nf6 5. Bc4 Bg4 6. d3 c6 7. a3 e6 8. Bg5 Nbd7
9. h3 Bh5 10. Bxf6 Nxf6 11. Qe2 Be7 12. Ne4 Nxe4 13. dxe4 O-O-O 14. O-O Qc5 15. Bd3
Bf6 16. b4 Qb6 17. Rab1 Be7 18. c4 Qc7 19. Rfc1 Bg5 20. Rc2 Bxf3 21. Qxf3 Qf4 22.
Be2 Qxf3 23. Bxf3 Rd6 24. a4 Rhd8 25. b5 c5 26. b6 a6 27. Rbb2 Bf6 28. Ra2 Bg5 29.
Kf1 Rd2 30. Ke1 Rxc2 31. Rxc2 Rd4 32. Ke2 g6 33. g4 e5 34. Bg2 a5 35. f3 Kd7 36.
Bf1 Kc6 37. Kf2 Rd2+ 38. Rxd2 Bxd2 39. Ke2 Bg5 40. Kf2 Kxb6 41. Kg3 h6 42. Bd3 Bf4+
 1/2-1/2

[Event "30th 4NCL Congress"]
[Site "Daventry"]
[Date "2023.06.18"]
[Round "4"]
[Board "15"]
[White "Brown, Chris"]
[Black "Duffell, Andrew"]
[Result "1-0"]
[WhiteElo "1485"]
[BlackElo "1587"]
[PlyCount "63"]
[EventDate "2023.06.16"]
[EventRounds "5"]
[EventCountry "ENG"]

1. e4 c5 2. d4 e6 3. c3 d5 4. e5 Nc6 5. Nf3 Nge7 6. Bd3 Ng6 7. O-O Be7 8. Re1 Bd7
9. Be3 b6 10. Nbd2 Qc7 11. Nf1 f6 12. exf6 gxf6 13. dxc5 bxc5 14. Bxg6+ hxg6 15.
Qd3 f5 16. Bg5 Bd6 17. Qxd5 Kf7 18. Qd2 Ne5 19. Nxe5+ Bxe5 20. Rxe5 Bc6 21. Rxc5
e5 22. Rd1 Ke6 23. b4 Rh7 24. b5 Rd7 25. Rxc6+ Qxc6 26. bxc6 Rxd2 27. Rxd2 Rc8 28.
Rd7 Rxc6 29. Rxa7 Rxc3 30. Ra6+ Kd5 31. g3 Rc4 32. Ne3+  1-0

[Event "30th 4NCL Congress"]
[Site "Daventry"]
[Date "2023.06.18"]
[Round "4"]
[Board "16"]
[White "Pugaciauskas, Dominic"]
[Black "Bentley-Davies, Ross"]
[Result "1/2-1/2"]
[WhiteElo "1343"]
[BlackElo "1558"]
[PlyCount "81"]
[EventDate "2023.06.16"]
[EventRounds "5"]
[EventCountry "ENG"]

1. d4 d5 2. Bf4 Nc6 3. e3 Nf6 4. Bd3 e6 5. Nd2 Be7 6. Ngf3 O-O 7. c3 a6 8. Qc2 h6
9. O-O-O b5 10. h4 b4 11. Ne5 Qe8 12. Nxc6 Qxc6 13. cxb4 Qxc2+ 14. Kxc2 Bd7 15. Kb1
Bxb4 16. Bxc7 Rfc8 17. Bf4 a5 18. Nf3 Ba4 19. Rc1 Ne4 20. Rxc8+ Rxc8 21. Bxe4 dxe4
22. Nh2 Bc2+ 23. Ka1 Bd3 24. a3 Be7 25. Ng4 f6 26. f3 Rc2 27. Rg1 h5 28. Nh2 f5 29.
Bg5 Bd6 30. Bf4 Bxf4 31. exf4 e3 32. Re1 e2 33. Kb1 Rc4+ 34. Ka2 Rxd4 35. Kb3 Bc4+
36. Kc2 a4 37. g3 Bb5 38. Kc1 Kf7 39. Kc2 Ke7 40. Kc1 Kd6 41. Kc2  1/2-1/2

[Event "30th 4NCL Congress"]
[Site "Daventry"]
[Date "2023.06.18"]
[Round "4"]
[Board "17"]
[White "Hylands, Keith A"]
[Black "Morris, Nigel W"]
[Result "0-1"]
[WhiteElo "1359"]
[BlackElo "1607"]
[PlyCount "89"]
[EventDate "2023.06.16"]
[EventRounds "5"]
[EventCountry "ENG"]

1. d4 Nf6 2. c4 g6 3. Nf3 Bg7 4. Nc3 d6 5. e4 O-O 6. Be2 Nbd7 7. Be3 e5 8. d5 a5
9. Qd2 Ng4 10. h3 Nxe3 11. Qxe3 f5 12. O-O f4 13. Qd3 Nc5 14. Qd1 g5 15. Nh2 h6 16.
Bg4 Bxg4 17. hxg4 Bf6 18. Qe2 Kg7 19. f3 Rh8 20. Kf2 h5 21. gxh5 Rxh5 22. Ng4 Qh8
23. Qe1 Qh7 24. Ke2 Rh8 25. Kd2 Bd8 26. Rd1 Nd7 27. Kc1 Nf6 28. Nf2 Qg6 29. Qe2 R8h6
30. Nb1 Rh4 31. Rh1 Nh5 32. Rxh4 gxh4 33. Ng4 Ng3 34. Qf2 Rh5 35. Nd2 h3 36. gxh3
Rxh3 37. Kb1 Qh5 38. Nf1 Nxe4 39. Qg2 Ng3 40. Nxg3 fxg3 41. Re1 Bg5 42. Re4 Bf4 43.
Rxf4 exf4 44. Qe2 Rh1+ 45. Kc2  0-1

[Event "30th 4NCL Congress"]
[Site "Daventry"]
[Date "2023.06.18"]
[Round "4"]
[Board "18"]
[White "Page, Michael"]
[Black "Mehta, Zara"]
[Result "1-0"]
[WhiteElo "1456"]
[BlackElo "983"]
[PlyCount "53"]
[EventDate "2023.06.16"]
[EventRounds "5"]
[EventCountry "ENG"]

1. e4 e5 2. Nf3 Nc6 3. Nc3 Nf6 4. d4 exd4 5. Nxd4 Bb4 6. Nxc6 bxc6 7. Bd3 O-O 8.
O-O Re8 9. Bg5 h6 10. Bh4 d6 11. Qf3 Re6 12. a3 Bxc3 13. bxc3 Bd7 14. Rfe1 Qe8 15.
Rab1 d5 16. Bxf6 Rxf6 17. Qe3 Qe5 18. Rb7 Qxc3 19. Rxc7 d4 20. Qe2 Bg4 21. f3 Be6
22. Rb1 Qxa3 23. e5 Ba2 24. exf6 Bxb1 25. fxg7 Kxg7 26. Qe5+ Kf8 27. Qh8#  1-0

[Event "30th 4NCL Congress"]
[Site "Daventry"]
[Date "2023.06.18"]
[Round "4"]
[Board "19"]
[White "Simmons, Michael W"]
[Black "Kathuria, Khush"]
[Result "0-1"]
[WhiteElo "1198"]
[BlackElo "1297"]
[PlyCount "82"]
[EventDate "2023.06.16"]
[EventRounds "5"]
[EventCountry "ENG"]

1. d4 Nf6 2. c4 e6 3. Nf3 Be7 4. e3 O-O 5. Bd3 b6 6. O-O Bb7 7. Nbd2 c5 8. Be2 Nc6
9. Nb3 d5 10. cxd5 exd5 11. Bd2 c4 12. Nc1 Ne4 13. a3 b5 14. Na2 a5 15. Nc3 Nxd2
16. Qxd2 b4 17. axb4 axb4 18. Rxa8 Bxa8 19. Na2 b3 20. Nc3 Bb4 21. Qc1 Qa5 22. Qa1
Bxc3 23. bxc3 Qxa1 24. Rxa1 f5 25. Ng5 Bb7 26. Ne6 Ra8 27. Rb1 Ra2 28. Bf1 Rc2 29.
Nc5 Na5 30. Na4 Bc6 31. Nb2 Rxc3 32. Ra1 Rc2 33. Rb1 c3 34. Nd1 Ba4 35. Bd3 Rd2 36.
Nxc3 Rxd3 37. Nxa4 Rd2 38. Nc3 Rc2 39. Nxd5 b2 40. Nb4 Rc1+ 41. Rxc1 bxc1=Q#  0-1

[Event "30th 4NCL Congress"]
[Site "Daventry"]
[Date "2023.06.18"]
[Round "4"]
[Board "20"]
[White "Agarwal, Anay"]
[Black "Walker, Heather Enid"]
[Result "1-0"]
[WhiteElo "1176"]
[BlackElo "1250"]
[PlyCount "133"]
[EventDate "2023.06.16"]
[EventRounds "5"]
[EventCountry "ENG"]

1. e4 Nf6 2. e5 Nd5 3. c4 Nb6 4. Nf3 e6 5. d4 d5 6. c5 N6d7 7. Bd3 a6 8. O-O b6 9.
cxb6 Nxb6 10. Nc3 c5 11. Be3 c4 12. Bc2 Be7 13. Nd2 O-O 14. Qh5 g6 15. Qh6 Re8 16.
Qh3 N8d7 17. Bh6 Bg5 18. Bxg5 Qxg5 19. Nf3 Qe7 20. Qg3 f6 21. h4 Qg7 22. exf6 Nxf6
23. Rfe1 Bd7 24. Re5 Re7 25. Rg5 Be8 26. Nh2 Kh8 27. Re1 Bd7 28. Ng4 Nh5 29. Qe5
Rf8 30. Qxg7+ Kxg7 31. Nxd5 Nxd5 32. Rxd5 exd5 33. Rxe7+ Rf7 34. Rxf7+ Kxf7 35. Ne5+
Ke6 36. Nxd7 Kxd7 37. Kf1 Nf4 38. g3 Ne6 39. Ba4+ Kd6 40. Ke2 Nxd4+ 41. Kd2 Kc5 42.
Kc3 Ne2+ 43. Kd2 Ng1 44. Bd1 Kd4 45. f4 Ke4 46. Ke1 Nf3+ 47. Kf2 Nd4 48. Ba4 h6 49.
Be8 Kf5 50. Ke3 Ne6 51. Bd7 d4+ 52. Kd2 Kf6 53. Bc8 Nc5 54. g4 a5 55. g5+ hxg5 56.
fxg5+ Kg7 57. Bg4 Kf7 58. Bf3 Ke6 59. Bg4+ Kd5 60. Bf3+ Ne4+ 61. Bxe4+ Kxe4 62. h5
gxh5 63. g6 a4 64. a3 d3 65. g7 c3+ 66. bxc3 h4 67. g8=Q  1-0

[Event "30th 4NCL Congress"]
[Site "Daventry"]
[Date "2023.06.18"]
[Round "4"]
[Board "22"]
[White "Bangalore Kumar, Rohith"]
[Black "Wen, Liana"]
[Result "1-0"]
[WhiteElo "1381"]
[BlackElo "1242"]
[PlyCount "175"]
[EventDate "2023.06.16"]
[EventRounds "5"]
[EventCountry "ENG"]

1. e4 c5 2. Nc3 d6 3. d3 Nc6 4. g3 g6 5. Bg2 Bg7 6. Bd2 e6 7. f4 Nge7 8. Nge2 O-O
9. O-O Rb8 10. Be3 b5 11. d4 d5 12. e5 f5 13. dxc5 b4 14. Nb1 Bb7 15. Nd4 Nxd4 16.
Bxd4 Ba6 17. Re1 Nc6 18. c3 bxc3 19. bxc3 Nxd4 20. cxd4 g5 21. Qf3 Qa5 22. Qc3 Qd8
23. Bf1 Bb7 24. Qe3 Bh6 25. Nc3 gxf4 26. gxf4 Rf7 27. Re2 Rg7+ 28. Rg2 Qh4 29. Rxg7+
Bxg7 30. Qg3 Qh5 31. Be2 Qf7 32. Kf2 Bc6 33. Rg1 Rb4 34. Rb1 Rxd4 35. Ke3 Rc4 36.
Bxc4 dxc4 37. Rb8+ Be8 38. c6 Qe7 39. Kd4 Qd6+ 40. Kxc4 Qxb8 41. Qg2 Qb6 42. Kd3
Bxc6 43. Qg5 Qa6+ 44. Kd2 Qa5 45. h4 h6 46. Qe7 Bd5 47. h5 Bc6 48. Qxe6+ Kh7 49.
Qxc6 Qd8+ 50. Ke3 Qh4 51. Qg6+ Kg8 52. Qxf5 Qg3+ 53. Kd4 Qf2+ 54. Kd5 Qd2+ 55. Kc4
Qd8 56. Qe6+ Kh8 57. Qd6 Qc8+ 58. Qc5 Qg4 59. Nd5 Qe2+ 60. Kb3 Qxh5 61. Qxa7 Qd1+
62. Kc4 Qe2+ 63. Kb4 Bf8+ 64. Kb3 Qd3+ 65. Nc3 Qf5 66. Qd4 Qe6+ 67. Qd5 Qb6+ 68.
Kc2 Qf2+ 69. Qd2 Qh4 70. f5 Qh5 71. Qf2 Qg5 72. e6 h5 73. f6 Qg6+ 74. Kb2 Qe8 75.
Qf5 Qb8+ 76. Kc2 Qh2+ 77. Kd3 Qg3+ 78. Kd4 Qd6+ 79. Ke4 Qb4+ 80. Kf3 Qxc3+ 81. Kg2
Qc2+ 82. Qxc2 Kg8 83. Qc8 h4 84. e7 h3+ 85. Kxh3 Kh7 86. exf8=Q Kg6 87. Qg7+ Kh5
88. Qcg4#  1-0

[Event "30th 4NCL Congress"]
[Site "Daventry"]
[Date "2023.06.18"]
[Round "4"]
[Board "23"]
[White "Gunarathne, Miheli"]
[Black "Dairi, Mahmoud"]
[Result "0-1"]
[WhiteElo "966"]
[BlackElo "1296"]
[PlyCount "120"]
[EventDate "2023.06.16"]
[EventRounds "5"]
[EventCountry "ENG"]

1. e4 c5 2. Nf3 g6 3. d4 cxd4 4. Nxd4 Bg7 5. Be3 Nc6 6. Nc3 Nf6 7. Bc4 O-O 8. O-O
b6 9. f4 Bb7 10. f5 e6 11. Qf3 Ne5 12. Qe2 Nxe4 13. Nxe4 Bxe4 14. Rad1 Nxc4 15. Qxc4
Bd5 16. Qe2 Rc8 17. Qf2 Bf6 18. fxg6 fxg6 19. b3 Qc7 20. Bh6 Bxd4 21. Qxd4 Rxf1+
22. Rxf1 Qc5 23. Qxc5 bxc5 24. c3 c4 25. h3 cxb3 26. axb3 Bxb3 27. g4 Bc4 28. Ra1
a6 29. Ra4 Bb5 30. Re4 a5 31. c4 Bxc4 32. Bg5 a4 33. Bf6 a3 34. h4 a2 35. h5 Bd3
36. Rd4 Be2 37. Rf4 e5 38. Bxe5 d6 39. Bf6 Ra8 40. Ba1 Rf8 41. Rxf8+ Kxf8 42. Kf2
Bxg4 43. hxg6 hxg6 44. Ke3 Kf7 45. Kd2 g5 46. Kc2 Kg6 47. Kb2 Be6 48. Ka3 Kh5 49.
Bd4 g4 50. Kb2 Kh4 51. Ka3 Kh3 52. Kb2 g3 53. Ka3 Kh2 54. Kb2 g2 55. Ka3 a1=Q+ 56.
Bxa1 g1=Q 57. Kb2 d5 58. Ka3 Qxa1+ 59. Kb3 d4+ 60. Kc2 Qc3+  0-1

[Event "30th 4NCL Congress"]
[Site "Daventry"]
[Date "2023.06.18"]
[Round "4"]
[Board "24"]
[White "Butler, Rene"]
[Black "Wright, George A"]
[Result "0-1"]
[WhiteElo "1313"]
[BlackElo "1413"]
[PlyCount "132"]
[EventDate "2023.06.16"]
[EventRounds "5"]
[EventCountry "ENG"]

1. d4 Nf6 2. Nf3 e6 3. Bg5 b6 4. c3 Bb7 5. Nbd2 Be7 6. Bxf6 Bxf6 7. e3 O-O 8. Bd3
d5 9. O-O Nd7 10. h3 c5 11. Re1 Rc8 12. Qc2 g6 13. e4 c4 14. Be2 Bg7 15. e5 Bc6 16.
h4 f6 17. exf6 Nxf6 18. Ne5 Be8 19. Qd1 Rc7 20. Bg4 Nxg4 21. Qxg4 Qf6 22. Ndf3 Qf5
23. Qxf5 Rxf5 24. g3 b5 25. Kg2 h6 26. Rh1 a5 27. g4 Rf4 28. Kg3 Re4 29. Rhe1 b4
30. Rxe4 dxe4 31. Nd2 Bxe5+ 32. dxe5 Bc6 33. Nxc4 bxc3 34. bxc3 a4 35. Ne3 Kf7 36.
a3 Ba8 37. c4 Ke8 38. Rb1 Rb7 39. Rxb7 Bxb7 40. h5 g5 41. Kg2 Kd7 42. Kf1 Kc6 43.
Ke2 Kc5 44. Kd2 Kd4 45. Nf5+ exf5 46. gxf5 Kxe5 47. Kc3 g4 48. Kb4 e3 49. fxe3 g3
50. f6 Kxf6 51. Kxa4 g2 52. Kb5 g1=Q 53. c5 Qb1+ 54. Kc4 Bc6 55. a4 Kg5 56. a5 Qb5+
57. Kc3 Qxa5+ 58. Kd3 Qxc5 59. e4 Bb5+ 60. Kd2 Qd4+ 61. Ke1 Qe3+ 62. Kd1 Qe2+ 63.
Kc1 Ba4 64. Kb1 Bb3 65. e5 Qc2+ 66. Ka1 Qa2#  0-1

[Event "30th 4NCL Congress"]
[Site "Daventry"]
[Date "2023.06.18"]
[Round "5"]
[Board "1"]
[White "Fisher, Neal"]
[Black "Shivakumar, Akshath"]
[Result "1/2-1/2"]
[WhiteElo "1647"]
[BlackElo "1591"]
[PlyCount "47"]
[EventDate "2023.06.16"]
[EventRounds "5"]
[EventCountry "ENG"]

1. d4 f5 2. Bf4 Nf6 3. e3 e6 4. c3 d5 5. Nf3 c6 6. Nbd2 Bd6 7. Bg5 Nbd7 8. Bh4 h6
9. Bg3 Qc7 10. Be2 b6 11. Nh4 Nf8 12. Bh5+ Ke7 13. Ng6+ Nxg6 14. Bxg6 Bd7 15. Bxd6+
Qxd6 16. Bh5 Be8 17. Bxe8 Rhxe8 18. Nf3 g5 19. Ne5 Nd7 20. Nxd7 Kxd7 21. Qh5 Rh8
22. Qf7+ Qe7 23. Qxe7+ Kxe7 24. O-O-O  1/2-1/2

[Event "30th 4NCL Congress"]
[Site "Daventry"]
[Date "2023.06.18"]
[Round "5"]
[Board "2"]
[White "Amir, Zain"]
[Black "Taylor, Andrew E"]
[Result "1/2-1/2"]
[WhiteElo "1597"]
[BlackElo "1623"]
[PlyCount "67"]
[EventDate "2023.06.16"]
[EventRounds "5"]
[EventCountry "ENG"]

1. d4 d5 2. Bf4 Bf5 3. e3 e6 4. Nf3 c5 5. c3 Nc6 6. Nbd2 Nf6 7. Qb3 Qc8 8. Ne5 c4
9. Qd1 Be7 10. h4 Nd7 11. g4 Ncxe5 12. dxe5 Bd3 13. Bxd3 cxd3 14. Nb3 Qc4 15. Qd2
a5 16. Rd1 Qe4 17. Rg1 Nxe5 18. Bxe5 Qxe5 19. Qxd3 O-O 20. Ke2 Rfb8 21. f4 Qc7 22.
Nd4 Qc4 23. Qxc4 dxc4 24. h5 Bc5 25. Nb5 Rd8 26. Rge1 h6 27. e4 Kf8 28. f5 exf5 29.
exf5 Rxd1 30. Kxd1 Rd8+ 31. Kc2 Rd3 32. Re4 Rg3 33. Rxc4 b6 34. Re4  1/2-1/2

[Event "30th 4NCL Congress"]
[Site "Daventry"]
[Date "2023.06.18"]
[Round "5"]
[Board "3"]
[White "Steel, Martin J"]
[Black "Sloan, Cecil"]
[Result "0-1"]
[WhiteElo "1613"]
[BlackElo "1657"]
[PlyCount "74"]
[EventDate "2023.06.16"]
[EventRounds "5"]
[EventCountry "ENG"]

1. c4 e5 2. Nc3 d6 3. g3 f5 4. Bg2 Nf6 5. d3 Be7 6. e4 c6 7. Nge2 O-O 8. O-O Qe8
9. f4 Qh5 10. fxe5 dxe5 11. Bd2 Bc5+ 12. d4 exd4 13. Na4 d3+ 14. Nxc5 dxe2 15. Bf3
exd1=Q 16. Raxd1 Ng4 17. Bxg4 Qxg4 18. Bb4 Re8 19. Rde1 b6 20. Rf4 Qg6 21. Nd3 c5
22. Bc3 Bb7 23. Ne5 Rxe5 24. Bxe5 Nd7 25. Bc3 Re8 26. Rxf5 Rxe4 27. Ref1 Qc6 28.
Rg5 Rg4 29. Rd5 Qg6 30. Rf3 Bxd5 31. cxd5 Qd6 32. Re3 Nf6 33. Kf2 Rxg3 34. Be5 Ng4+
35. Kxg3 Nxe5 36. Kh3 Qh6+ 37. Kg2 Qxe3  0-1

[Event "30th 4NCL Congress"]
[Site "Daventry"]
[Date "2023.06.18"]
[Round "5"]
[Board "4"]
[White "Homer, Neil S"]
[Black "Joseph, Tomy"]
[Result "1-0"]
[WhiteElo "1629"]
[BlackElo "1550"]
[PlyCount "99"]
[EventDate "2023.06.16"]
[EventRounds "5"]
[EventCountry "ENG"]

1. e4 d6 2. Nc3 Nf6 3. f4 g6 4. Nf3 Bg7 5. Bc4 O-O 6. O-O Nxe4 7. Nxe4 d5 8. Bxd5
Qxd5 9. Nc3 Qc5+ 10. Kh1 Bg4 11. h3 Qh5 12. Qe1 Nc6 13. d3 Bxf3 14. Rxf3 Nd4 15.
Rf2 e5 16. Be3 Rae8 17. Qd2 b6 18. Ne2 Nf5 19. Re1 Nxe3 20. Qxe3 exf4 21. Qxf4 Qa5
22. c3 Be5 23. Qf3 Qxa2 24. Nc1 Qa4 25. d4 Bd6 26. Rxe8 Qxe8 27. Nd3 a5 28. Rf1 Qb5
29. Kg1 h5 30. Re1 h4 31. Rf1 c5 32. dxc5 bxc5 33. Qd5 Qb6 34. c4 Qc7 35. Rf6 Kg7
36. Rxd6 a4 37. Qxc5 Qb7 38. Qd4+ Kg8 39. Rd8 Rxd8 40. Qxd8+ Kg7 41. Qd4+ Kg8 42.
c5 Qb3 43. Ne5 Qa2 44. Qf4 Qe6 45. c6 f6 46. Nxg6 f5 47. Qxf5 Qe1+ 48. Qf1 Qe3+ 49.
Kh1 Kg7 50. Nxh4  1-0

[Event "30th 4NCL Congress"]
[Site "Daventry"]
[Date "2023.06.18"]
[Round "5"]
[Board "5"]
[White "Mottram, Paul"]
[Black "Finnegan, Dale"]
[Result "1-0"]
[WhiteElo "1635"]
[BlackElo "1474"]
[PlyCount "81"]
[EventDate "2023.06.16"]
[EventRounds "5"]
[EventCountry "ENG"]

1. d4 g6 2. c4 Bg7 3. e4 Nc6 4. Nf3 d6 5. h3 Nf6 6. d5 Nb8 7. Nc3 O-O 8. Bg5 Nbd7
9. Qc2 c6 10. Be2 cxd5 11. cxd5 Re8 12. O-O h6 13. Be3 a6 14. Rac1 b5 15. b4 Bb7
16. Qd2 Kh7 17. Qd3 Nb6 18. Nd2 Rc8 19. Kh1 Nc4 20. Nxc4 Rxc4 21. Qb1 Rc7 22. Bb6
Nxd5 23. Nxd5 Rxc1 24. Rxc1 Qb8 25. Be3 Bxd5 26. exd5 Qd8 27. Rc6 Qa8 28. Qc2 Rb8
29. Bf3 a5 30. bxa5 Qxa5 31. Rc7 Be5 32. g3 Bf6 33. Kg2 b4 34. Ra7 Qb5 35. Qc6 Qd3
36. Rb7 Ra8 37. Rxb4 Rxa2 38. Rb8 Ra1 39. Bc1 Bg5 40. Qe8 Bf6 41. Qg8#  1-0